Μια πόρτα στον ουρανό
Saved in:
| Corporate Author: | |
|---|---|
| Format: | Book |
| Language: | Greek |
| Published: |
Αθήνα :
Εθνική Πινακοθήκη, Μουσείο Αλέξανδρου Σούτζου,
1983
|
| Subjects: | |
| Tags: |
Add Tag
No Tags, Be the first to tag this record!
|
MARC
| LEADER | 00000nam a2200000 i 4500 | ||
|---|---|---|---|
| 001 | 1/105618 | ||
| 008 | 950623s1983 gre d | ||
| 035 | |l 10013742 | ||
| 040 | |a GR-MY-UA |b gre |e aacr | ||
| 041 | 0 | |a gre | |
| 082 | 0 | |a 764.80971 | |
| 110 | 2 | |a Εθνική Πινακοθήκη - Μουσείο Αλεξάνδρου Σούτζου. | |
| 245 | 1 | 0 | |a Μια πόρτα στον ουρανό / |c Εθνική Πινακοθήκη, Μουσείο Αλέξανδρου Σούτζου |
| 260 | |a Αθήνα : |b Εθνική Πινακοθήκη, |b Μουσείο Αλέξανδρου Σούτζου, |c 1983 | ||
| 650 | 0 | 0 | |a Silk painting |z Canada. |
| 650 | 0 | 0 | |a Silk painters |z Canada. |
| 650 | 0 | 0 | |a Serigraphy |z Canada. |
| 650 | 0 | 0 | |a Serigraphy |x Exhibitions. |
| 852 | |a INST |b LESVOS |e 19950623 |h 764.80971 MIA |p 005100008530 |q 005100008530 |t BK |y 0 | ||
| 909 | |a Λ |b 022912 | ||
| 922 | |a 1ΔΩΡ |b 199203 | ||